000 00454nab a2200145Ia 4500
003 ES-SlBCS
005 20210601125451.0
008 140529s1983-84 xxu||||| |||| 00| 0 eng d
041 _aeng
100 1 _aDrummond, John J.
_948712
245 0 4 _aThe Perceptual Roots of Geometric Idealizations
_c John J. Drummond
650 0 4 _aGeometría-Idealizaciones
_9159003
773 0 _tReview of Methaphysics
_gvol. 37, 1983-84, págs. 785-810
_wRev843
942 _cAR
999 _c530823
_d530823